| 000 | 00850cab a22001935a 4500 | ||
|---|---|---|---|
| 001 | L149921 | ||
| 008 | 100517e20101004xxk 000 0 eng d | ||
| 035 | _a(Sirsi) u149921 | ||
| 041 | 0 | _aeng | |
| 100 | 1 | _aDriscoll, James | |
| 245 | 0 | 0 | _aWaiting in the wings |
| 260 | _c2010 | ||
| 490 |
_aEstates Gazette _v(1016) 24 April 2010, 98-99(2) |
||
| 520 | _aThe Assured Tenancies (Amendment) (England) Order 2010 is coming into force on 1 October 2010. Describes how it will amend the Housing Act 1988 by raising the annual rental threshold for assured tenancies from 25 000 to 100 000. This rise will extend the benefit of the tenancy deposit scheme to a wider set of tenancies. | ||
| 590 | _aKA | ||
| 651 | 4 |
_aEngland and Wales _y1543- |
|
| 690 | _aPROPERTY-RESIDENTIAL PROPERTY-RESIDENTIAL LANDLORD AND TENANT-RESIDENTIAL TENANCIES | ||
| 942 | _n0 | ||
| 999 |
_c82327 _d82327 |
||